Ататюрк : история на идеи (Запис номер 523665)
[ съкратено ]
| 000 -Лидер | |
|---|---|
| Лидер | 01424nam a2200349 a 4500 |
| 003 - Код на организацията, давaща контролен номер | |
| Код на организацията, даваща контролен номер | BLK |
| 005 - Дата и час на последна редакция | |
| Дата и час на последна редакция | 20250120110438.0 |
| 007 - Фиксирано поле за физическо описани | |
| Физическо описание | ta |
| 008 - Елементи от данни с фиксирана дължина | |
| Елементи с фиксирана дължина | 221104b bu |||||r|||| 00| | bu d |
| 020 ## - Международен стандартен номер на книга ISBN | |
| ISBN | 9789540759814 |
| 040 ## - Източник на каталожния запис | |
| Код на библиотеката | BLK |
| 041 ## - Код за език | |
| Език | Български |
| Език за КДБФ | Български |
| 080 ## - УДК | |
| 9 (RLIN) | 232067 |
| УДК текст | История на Турция |
| УДК код | 94(560) |
| УДК – код + определител | 94(560)(092) |
| 080 ## - УДК | |
| 9 (RLIN) | 240048 |
| УДК текст | Турски военен деец, политик и писател |
| УДК код | 929 Ататюрк, Мустафа Кемал |
| УДК – код + определител | 929 Ататюрк, Мустафа Кемал |
| 084 ## - Класификационен индекс по друга класификация | |
| Авторски знак | Ат - А 93 |
| 100 ## - Редна дума - Автор | |
| R(LIN) | 496398 |
| Автор | Ханиоглу, М. Шюкрю |
| 245 ## - Сведения за заглавието | |
| Заглавие | Ататюрк : история на идеи |
| Авторска отговорност | М. Шюкрю Ханиоглу ; прев. Явор Сидеров |
| 260 ## - Област на издателските данни | |
| 9 (RLIN) | 209716 |
| Място на издаване | София |
| Име на издателя | Унив. изд. Св. Климент Охридски |
| Година на издаване | 2024 |
| 300 ## - Физическа характеристика | |
| Брой страници | 197 с. |
| Илюстрации | с ил. |
| Размер | 24 см |
| 380 ## - Жанр | |
| Жанр | История |
| 500 ## - Общи забележки | |
| Обща забележка | Ориг. загл.: Atatürk / M. Sükrü Hanioglu |
| 600 14 - Име на лице, използвано като предмет | |
| 9 (RLIN) | 34748 |
| За него / За нея | Ататюрк, Мустафа Кемал |
| 650 #0 - Допълнително описание по предмет – тема | |
| 9 (RLIN) | 245875 |
| Предметна рубрика | Политици, турски |
| 650 #0 - Допълнително описание по предмет – тема | |
| 9 (RLIN) | 266503 |
| Предметна рубрика | История - Турция |
| 700 ## - Други автори (авторска отговорност) | |
| 9 (RLIN) | 442523 |
| Друг автор | Сидеров, Явор Димитров |
| 852 ## - Местоположение | |
| Сигнатура (форматна) | Цб 325562 |
| Отдел | Хранилище |
| 852 ## - Местоположение | |
| Отдел | Заемна - подръчен фонд |
| Систематично-азбучна сигнатура | 94(5)/А 93 М |
| 856 ## - Електронен адрес и достъп | |
| Инструкция (цена за достъп) | 0.00 |
| Права за достъп | disable |
| 942 ## - АРТИКУЛИ | |
| Вид на библиотечния документ | Книги |
| Скрит в OPAC | Не |
| Koha issues (borrowed), all copies | 1 |
| 944 ## - СЪЗДАВАНЕ И РЕДАКЦИЯ на ЗАПИСА | |
| Дата на регистрацията/редакция | Кети Илиева |
| Служител, извършил регистрацията/редакцията | 30575 |
| Номер на служител | Мартин Енчев |
| 944 ## - СЪЗДАВАНЕ И РЕДАКЦИЯ на ЗАПИСА | |
| Създаване/Редакция | Редакция |
| Дата на регистрацията/редакция | 2025-01-07 |
| Служител, извършил регистрацията/редакцията | М.Я. |
| 999 ## - СИСТЕМНИ КОНТРОЛНИ НОМЕРА | |
| Koha biblionumber | 523665 |
| Koha biblioitemnumber | 523665 |
| Код за отписване | Код за изгубен артикул | Източник на класификационната схема | Код за повреда | Коз за рестрикции | Код за отдаване | Артикулен № | Име на библиотеката - собственик | Име на библиотеката, в която се намира в момента | Статус (Текущо местоположение) | Дата на вписване в системата | Местоположение - отдел | Цена в лева | Инвентарен номер | Систематично азбучна сигнатура | Баркод | Цена в евро | Служебен тип на артикула | Номерация (Хронология) |
|---|---|---|---|---|---|---|---|---|---|---|---|---|---|---|---|---|---|---|
| Не е изгубен | Universal Decimal Classification | Не е повреден | само за читалня | ползва се в читалня | 956840 | Регионална библиотека "Любен Каравелов" Русе | Регионална библиотека "Любен Каравелов" Русе | Хранилище | 2025-01-03 | Хранилище | 30.00 | 120000915695 | Цб 325562 | 120000915695 | 15.34 | Книги | ||
| Не е изгубен | Universal Decimal Classification | Не е повреден | заемане за дома | 957667 | Регионална библиотека "Любен Каравелов" Русе | Регионална библиотека "Любен Каравелов" Русе | Заемна - подръчен фонд | 2025-01-08 | Заемна - подръчен фонд | 30.00 | 120000916449 | 94(5)/А 93 М | 120000916449 | 15.34 | Книги | С автограф от преводача | ||
| Не е изгубен | Universal Decimal Classification | Не е повреден | заемане за дома | 957668 | Регионална библиотека "Любен Каравелов" Русе | Регионална библиотека "Любен Каравелов" Русе | Заемна - подръчен фонд | 2025-01-08 | Заемна - подръчен фонд | 30.00 | 120000916450 | 94(5)/А 93 М | 120000916450 | 15.34 | Книги |